000 00549nam a2200181Ia 4500
008 100920s9999 xx 000 0 und d
082 _b104954
_a891.43 न 08
100 _aभाटिया सुदर्शन कुमार.
245 _aभूकम्प.
260 _bप्रकाशन विभाग दिल्ली.
_c2008
300 _a65
_bसाधी
365 _b50
520 _aहिंदी.
630 _aभूकम्प.
650 _aहिंदी.
730 _aभूकम्प.
942 _cBOOK
999 _c745385
_d745382